All Playboi Carti songs (updated 2026) - Statistics

General Stats
  • This quiz has been taken 322 times
  • The average score is 59 of 97
Answer Stats
Hint Answer % Correct
Playboi Carti> Location
87%
Magnolia
87%
feat Lil Uzi Vert wokeuplikethis*
83%
feat. Lil Uzi Vert Shoota
82%
feat. Skepta Toxic
81%
feat. Kanye West Go2DaMoon
79%
Die Lit> Long time(intro)
79%
single; w/ Trippie Redd Miss the Rage
79%
MUSIC> Pop out
79%
feat. The Weeknd Rather Lie
79%
R.I.P.
79%
feat. Travis Scott Crush
76%
feat. A$AP Rocky New Choppa
75%
2024
74%
Sky
73%
feat. Jhene Aiko & KendrickLamar Backd00r
71%
feat. Bryson Tiller Fell in Luv
71%
feat. Levan Kali Flex
71%
Whole Lotta Red> Rockstar Made
71%
Lil Uzi Vert Twin Trim
71%
Evil J0rdan
69%
feat. Kendrick Lamar Good Credit
69%
feat. Kid Cudi M3tamorphosis
69%
feat. Future Trim
69%
feat. Travis Scott Backr00ms
68%
K Pop
68%
feat. Travis Scott Love hurts
68%
single @ MEH
68%
Meh
68%
single; w/ The Weeknd Popular
68%
Stop breathing
68%
feat. Young Thug & Ty Dolla $ign We Need All Da Vibes
68%
single All Red
67%
ILoveUIHateU
67%
feat. Skepta Lean 4 real
67%
Over
67%
Mojo jojo
66%
New Tank
66%
feat. Nicki Minaj Poke it out
66%
feat. Future & Travis Scott Charge dem hoes a fee
65%
feat. Future Teen X
65%
FOMDJ
64%
HBA
64%
feat. Travis Scott Philly
64%
feat. Lil Uzi Vert Jumpin
62%
South Atlanta Baby
62%
feat. Young thug Choppa Won't Miss
61%
feat. Chief Keef Mileage
60%
Olympian
60%
feat. Young Nudy R.I.P. Fredo (Notice Me)
60%
Beno!
59%
single Broke boi
59%
Different Day
59%
Radar
59%
Vamp Anthem
59%
Kelly K
58%
feat. Lil Uzi Vert Lookin
58%
feat. Pi'erre Bourne Top
58%
F33l Lik3 Dyin
57%
OPM Babi
57%
Crank
56%
feat. Redd Coldhearted Middle of the summer
56%
Cocaine Nose
55%
New N3on
55%
feat. Gunna No Time
55%
feat. Travis Scott Wake up F1lthy
55%
Control
54%
I Seeeeee you baby boi
54%
JumpOutTheHouse
54%
Fine shit
53%
Place
53%
Walk
53%
Die4Guy
52%
No. 9
52%
Overly
52%
Slay3r
52%
King vamp
51%
Like Weezy
51%
On that time
51%
FlatBed Freestyle
49%
Lame N****z
49%
feat. Pi'erre Bourne Right Now
49%
Foreign
48%
Munyun
48%
Punk Monk
48%
Yah Mean
48%
No Sl33p
47%
Dis 1 Got It
46%
dothatshit!
46%
Had 2
46%
Let it go
46%
Old Money
43%
Home (KOD)
42%
Not Playing
42%
Half & Half
41%
Other shit
39%
Pull up
37%
No matching quizzes found
Score Distribution
Percent of People with Each Score
Percentile by Number Answered
Your Score History
You have not taken this quiz